00294nam a2200121Ia 4500008004100000041000800041082001700049100001700066245003700083260001900120365001600139700001700155230718s9999 xx 000 0 und d aeng a621.381bMOT aMotorola Inc aLinear Interface Ics Device Data c1993bMotorola cRs.b650.00 aMotorola Inc